000
00266nam a22001097a 4500
008
230620b xxu||||| |||| 00| 0 eng d
082
_a
321.86
_b
EVE 1983
245
_a
The End of Kings
260
_a
London
_b
The Free Press
_c
1983
300
_a
XII,370p
942
_2
ddc
_c
BK
999
_c
1835
_d
1835